00341nam a2200133Ia 4500008004100000041000800041082001400049100002100063245004500084250001400129260004100143300001600184365000700200240624s9999 xx 000 0 und d aeng a338.9 BLA aBLAKELY EDWARD J aPLANNING LOCAL ECONOMIC DEVELOPMENT THEO a(3rd ed.) c2004aNew DelhibVistaar Publication axvii, : 398 cRS